[Event "4NCL Division 3 North"]
[Site "Bolton, ENG"]
[Date "2017.02.12"]
[Round "6.93"]
[White "Denisov, Seny D"]
[Black "Bennett, Patrick"]
[Result "0-1"]
[WhiteElo "1855"]
[BlackElo "2014"]
[Annotator "Barnes,Lara"]
[PlyCount "56"]
[EventDate "2017.02.12"]
[WhiteTeam "3Cs 3"]
[BlackTeam "Holmes Chapel"]

1. d4 Nf6 2. c4 g6 3. Nc3 Bg7 4. e4 d6 5. Bd3 O-O 6. Nge2 Nc6 7. O-O Nd7 8. Be3
e5 9. d5 Ne7 10. b4 f5 11. f3 f4 12. Bf2 g5 13. c5 Ng6 14. cxd6 cxd6 15. a4 Nf6
16. Nb5 a6 17. Nbc3 g4 18. a5 gxf3 19. gxf3 Bh3 20. Re1 Nh5 21. Kh1 Nh4 22.
Bxh4 Qxh4 23. Rg1 Qf2 24. Nc1 Rf6 25. Qe2 Ng3+ 26. Rxg3 fxg3 27. Qxf2 gxf2 28.
N1a2 Rg6 0-1

[Event "4NCL Division 3 North"]
[Site "Bolton, ENG"]
[Date "2017.02.12"]
[Round "6.94"]
[White "Scattergood, Ben"]
[Black "Gavin, Richard A"]
[Result "0-1"]
[WhiteElo "1825"]
[BlackElo "1847"]
[Annotator "Barnes,Lara"]
[PlyCount "60"]
[EventDate "2017.02.12"]
[WhiteTeam "Holmes Chapel"]
[BlackTeam "3Cs 3"]

1. e4 e5 2. Nf3 Nc6 3. Bc4 Bc5 4. d3 Nf6 5. O-O d6 6. Be3 Bg4 7. c3 O-O 8. Nbd2
Bxe3 9. fxe3 d5 10. exd5 Nxd5 11. Qe1 a6 12. Ne4 Nb6 13. Bb3 Qxd3 14. Nf2 Qg6
15. Nh4 Qh5 16. Ne4 Rad8 17. Qg3 Kh8 18. h3 Bc8 19. Ng5 f6 20. Ne6 Bxe6 21.
Bxe6 g6 22. Qf2 Rd3 23. Kh1 Nd5 24. g4 Qg5 25. Bxd5 Rxd5 26. Rad1 e4 27. Rxd5
Qxd5 28. g5 Qxg5 29. Rg1 Qh5 30. Qf4 g5 0-1

[Event "4NCL Division 3 North"]
[Site "Bolton, ENG"]
[Date "2017.02.12"]
[Round "6.95"]
[White "Denisov, Denis"]
[Black "Bates, Ian W"]
[Result "1-0"]
[WhiteElo "1757"]
[BlackElo "1855"]
[Annotator "Barnes,Lara"]
[PlyCount "139"]
[EventDate "2017.02.12"]
[WhiteTeam "3Cs 3"]
[BlackTeam "Holmes Chapel"]

1. e4 c5 2. c3 d5 3. exd5 Qxd5 4. d4 Nc6 5. Nf3 Bg4 6. Be2 e6 7. O-O Nf6 8. Na3
cxd4 9. Nb5 Qd7 10. Nbxd4 Be7 11. Nxc6 Qxd1 12. Bxd1 bxc6 13. h3 Bxf3 14. Bxf3
Rc8 15. Be3 a6 16. c4 O-O 17. Rfd1 e5 18. g4 h6 19. Bg2 a5 20. Bd2 a4 21. Bc3
e4 22. Re1 h5 23. Bxe4 hxg4 24. Bf5 Rc7 25. Bxg4 Nxg4 26. hxg4 f5 27. gxf5 Rxf5
28. Re5 Rf4 29. Rae1 Kf7 30. R1e4 Rf3 31. Re3 Rxe3 32. Rxe3 Rd7 33. Kf1 Bc5 34.
Rf3+ Ke6 35. Rg3 Rf7 36. Rg6+ Kf5 37. Rxg7 Rf8 38. Rc7 Ke4 39. Rxc6 Bxf2 40.
Ke2 Bg3 41. Re6+ Kf5 42. Ra6 a3 43. Rxa3 Ke4 44. Be1 Bd6 45. Re3+ Kd4 46. Rd3+
Kc5 47. b4+ Kc6 48. a3 Re8+ 49. Re3 Rh8 50. b5+ Kb7 51. a4 Rh2+ 52. Kd3 Ra2 53.
a5 Bc5 54. a6+ Ka7 55. Re5 Ra3+ 56. Ke4 Bg1 57. Kd5 Rd3+ 58. Kc6 Bh2 59. Bf2+
Ka8 60. Re8+ Bb8 61. a7 Rd6+ 62. Kc5 Rc6+ 63. bxc6 Kxa7 64. Kb5+ Ka8 65. Bg3
Ka7 66. Bxb8+ Ka8 67. Bg3+ Ka7 68. Bb8+ Ka8 69. Bg3+ Ka7 70. Bf2# 1-0

[Event "4NCL Division 3 North"]
[Site "Bolton, ENG"]
[Date "2017.02.12"]
[Round "6.96"]
[White "Roberts, Malcolm A"]
[Black "Ye, Kevin"]
[Result "0-1"]
[WhiteElo "1684"]
[BlackElo "1735"]
[PlyCount "92"]
[EventDate "2017.02.12"]
[WhiteTeam "Holmes Chapel"]
[BlackTeam "3Cs 3"]

1. e4 e5 2. Nf3 Nc6 3. Nc3 Nf6 4. d3 Bc5 5. Be2 h6 6. h3 d5 7. exd5 Nxd5 8.
Nxd5 Qxd5 9. Bd2 b6 10. a3 a5 11. O-O Bb7 12. c4 Qe6 13. Bc3 O-O 14. Qc2 Nd4
15. Bxd4 Bxd4 16. Nxd4 exd4 17. f4 Qe3+ 18. Kh2 Qe6 19. Bf3 Bxf3 20. Rxf3 Rfe8
21. Rf2 Qf5 22. Qd2 Re3 23. Rd1 Rae8 24. b4 axb4 25. axb4 c5 26. bxc5 bxc5 27.
Qa5 Re2 28. Rf3 R8e3 29. Qa8+ Kh7 30. Qc6 Rxf3 31. Qxf3 Re3 32. Qf1 f6 33. g4
Qe6 34. Rd2 h5 35. Qf2 hxg4 36. Qh4+ Kg8 37. hxg4 Rxd3 38. Ra2 Qe4 39. g5 fxg5
40. Qxg5 Qh7+ 41. Kg1 Rd1+ 42. Kf2 Qh2+ 43. Kf3 Qh3+ 44. Ke4 Qe6+ 45. Kf3 Qe3+
46. Kg2 Rg1+ 0-1

[Event "4NCL Division 3 North"]
[Site "Wakefield, ENG"]
[Date "2017.03.19"]
[Round "8.11"]
[White "Polaczek, Richard"]
[Black "Burke, Mitchell R"]
[Result "1-0"]
[WhiteElo "2412"]
[BlackElo "2012"]
[PlyCount "49"]
[EventDate "2017.03.19"]
[WhiteTeam "Manchester Manticores 1"]
[BlackTeam "3Cs 2"]

1. d4 Nf6 2. Nf3 g6 3. g3 Bg7 4. Bg2 O-O 5. O-O d6 6. Nc3 Nbd7 7. e4 e5 8. h3
c6 9. a4 a5 10. Be3 Qc7 11. Re1 Re8 12. Qd2 exd4 13. Nxd4 Nc5 14. Bf4 Nh5 15.
Be3 Nf6 16. f3 Nfd7 17. f4 Nb6 18. b3 Na6 19. Rad1 Nb4 20. Ndb5 cxb5 21. Nxb5
Qc6 22. e5 d5 23. c3 Na6 24. Qf2 Be6 25. Bxb6 1-0

[Event "4NCL Division 3 North"]
[Site "Wakefield, ENG"]
[Date "2017.03.19"]
[Round "8.12"]
[White "Burton, Graham P"]
[Black "Jaunooby, Ali R"]
[Result "1/2-1/2"]
[WhiteElo "2005"]
[BlackElo "2260"]
[PlyCount "48"]
[EventDate "2017.03.19"]
[WhiteTeam "3Cs 2"]
[BlackTeam "Manchester Manticores 1"]

1. e4 c5 2. Nf3 d6 3. d4 cxd4 4. Nxd4 Nf6 5. Nc3 a6 6. Bc4 e6 7. Bb3 Nbd7 8.
O-O Nc5 9. Re1 Qc7 10. Bg5 Be7 11. f4 h6 12. Bh4 Nfxe4 13. Bxe7 Nxc3 14. bxc3
Kxe7 15. Nf5+ Kd7 16. Nxg7 Nxb3 17. cxb3 Qxc3 18. Nh5 Ke7 19. Rc1 Qb4 20. Rc7+
Bd7 21. Qa1 Kd8 22. Rec1 e5 23. fxe5 Qb6+ 24. Kh1 Qxc7 1/2-1/2

[Event "4NCL Division 3 North"]
[Site "Wakefield, ENG"]
[Date "2017.03.19"]
[Round "8.13"]
[White "Jarmany, John"]
[Black "Adams, Philip"]
[Result "1/2-1/2"]
[WhiteElo "2147"]
[BlackElo "2057"]
[PlyCount "43"]
[EventDate "2017.03.19"]
[WhiteTeam "Manchester Manticores 1"]
[BlackTeam "3Cs 2"]

1. d4 Nf6 2. c4 g6 3. Nc3 Bg7 4. e4 d6 5. Nge2 Nbd7 6. Ng3 e5 7. d5 a5 8. Be2
Nc5 9. h4 h5 10. Bg5 Bh6 11. Bxh6 Rxh6 12. Qd2 Rh8 13. f4 exf4 14. Qxf4 Nfd7
15. O-O-O Ne5 16. Kb1 Bd7 17. Nf1 Qe7 18. Nd2 a4 19. Nf3 O-O-O 20. Nd4 Rhf8 21.
Qe3 Rde8 22. g3 1/2-1/2

[Event "4NCL Division 3 North"]
[Site "Wakefield, ENG"]
[Date "2017.03.19"]
[Round "8.14"]
[White "Rita, Joao"]
[Black "Peacock, Malcolm R"]
[Result "1-0"]
[WhiteElo "1892"]
[BlackElo "2125"]
[Annotator "Barnes,Lara"]
[PlyCount "73"]
[EventDate "2017.03.19"]
[WhiteTeam "3Cs 2"]
[BlackTeam "Manchester Manticores 1"]

1. e4 e6 2. d3 c5 3. Nf3 Nc6 4. g3 g6 5. Bg2 Bg7 6. O-O Nge7 7. Re1 O-O 8. h4
h6 9. Nbd2 d6 10. a4 Kh7 11. Nc4 e5 12. Nh2 Be6 13. c3 Qd7 14. f4 exf4 15. Bxf4
d5 16. Nd6 dxe4 17. dxe4 Ne5 18. Nf3 N7c6 19. Nb5 Rfd8 20. Nxe5 Nxe5 21. Qxd7
Rxd7 22. Red1 Rxd1+ 23. Rxd1 Bb3 24. Ra1 a6 25. Nc7 Rd8 26. Nd5 Nd3 27. Bc7 Re8
28. Ba5 c4 29. Rf1 Kg8 30. Nf6+ Bxf6 31. Rxf6 Bxa4 32. e5 Rxe5 33. Bc7 Re1+ 34.
Kh2 Ne5 35. Rd6 Bc6 36. Ba5 Bxg2 37. Kxg2 {scoresheet illegible} 1-0

[Event "4NCL Division 3 North"]
[Site "Wakefield, ENG"]
[Date "2017.03.19"]
[Round "8.15"]
[White "Mazek, Marek"]
[Black "English, Ray"]
[Result "1-0"]
[WhiteElo "2110"]
[BlackElo "1937"]
[PlyCount "109"]
[EventDate "2017.03.19"]
[WhiteTeam "Manchester Manticores 1"]
[BlackTeam "3Cs 2"]

1. e4 e5 2. Nf3 d6 3. d4 exd4 4. Nxd4 Nf6 5. Bd3 Be7 6. O-O O-O 7. c4 c5 8. Nc2
Nc6 9. Re1 a6 10. Nc3 Rb8 11. Bf1 Qa5 12. Bd2 Qc7 13. Ne3 Rd8 14. f3 Be6 15. a4
Nd4 16. Ra3 g6 17. a5 Bf8 18. Na4 Bg7 19. Nb6 Re8 20. Bc3 Nd7 21. Ned5 Qd8 22.
g3 Ne5 23. Bg2 Nec6 24. Kh1 f5 25. f4 h5 26. Qb1 h4 27. Qc1 hxg3 28. Bxd4 Bxd4
29. Rxg3 Kf7 30. exf5 Bxf5 31. Ne3 Bxe3 32. Rgxe3 Rxe3 33. Qxe3 Qe7 34. Bd5+
Kf8 35. Qd2 Qf6 36. Bg2 Re8 37. Rxe8+ Kxe8 38. Qe2+ Qe7 39. Qd2 Be4 40. Nc8
Bxg2+ 41. Kxg2 Qd7 42. Nxd6+ Ke7 43. Ne4 Qxd2+ 44. Nxd2 Nxa5 45. Kg3 b5 46.
cxb5 axb5 47. Ne4 c4 48. Nc3 b4 49. Nd5+ Kf7 50. Nxb4 Nb3 51. Nc6 Nd2 52. Kf2
c3 53. Ne5+ Kf6 54. b4 Nc4 55. Ke2 1-0

[Event "4NCL Division 3 North"]
[Site "Wakefield, ENG"]
[Date "2017.03.19"]
[Round "8.16"]
[White "McLean, Robert"]
[Black "Mulleady, Peter J"]
[Result "1/2-1/2"]
[WhiteElo "1967"]
[BlackElo "2080"]
[PlyCount "90"]
[EventDate "2017.03.19"]
[WhiteTeam "3Cs 2"]
[BlackTeam "Manchester Manticores 1"]

1. e4 Nf6 2. e5 Nd5 3. d4 d6 4. Nf3 g6 5. Bc4 Nb6 6. Bb3 Bg7 7. exd6 cxd6 8.
O-O O-O 9. h3 Nc6 10. Re1 Na5 11. Bg5 Re8 12. Qe2 Nxb3 13. axb3 f6 14. Bh4 Bf5
15. c4 e5 16. Nc3 Qd7 17. d5 g5 18. Bg3 g4 19. hxg4 Bxg4 20. Qd2 a6 21. Qe3 Qc7
22. Nh4 Nd7 23. f3 Bh5 24. Nf5 Bg6 25. Nxg7 Kxg7 26. Bf2 Rac8 27. Na4 Qd8 28.
Rec1 Qe7 29. b4 Rc7 30. Nb6 Nxb6 31. Qxb6 Bf7 32. c5 Rec8 33. Rc3 Qd7 34. Qxd6
Qxd6 35. cxd6 Rxc3 36. bxc3 Bxd5 37. Rd1 Bc6 38. Bb6 Bd7 39. Bc7 Kf7 40. Kf2
Rg8 41. c4 Ke6 42. Rh1 Rg7 43. Rh6 Be8 44. Bd8 Kxd6 45. Bxf6 Rg6 1/2-1/2

[Event "4NCL Division 3 North"]
[Site "Wakefield, ENG"]
[Date "2017.03.19"]
[Round "8.21"]
[White "Antoniewski, Rafal"]
[Black "Adan Bermudez, Sergio"]
[Result "1-0"]
[WhiteElo "2532"]
[BlackElo "2352"]
[PlyCount "143"]
[EventDate "2017.03.19"]
[WhiteTeam "Manx Liberty"]
[BlackTeam "Hounds and Bears"]

1. e4 d6 2. d4 Nf6 3. Nc3 e5 4. Nf3 Nbd7 5. Bc4 h6 6. a4 c6 7. O-O Be7 8. Re1
Qc7 9. h3 Nf8 10. Qd3 g5 11. dxe5 dxe5 12. Ne2 g4 13. hxg4 Nxg4 14. Nh2 Rg8 15.
Ng3 Nxh2 16. Kxh2 Bc5 17. Be3 Bxe3 18. Qxe3 Be6 19. Bxe6 fxe6 20. Rad1 Ng6 21.
Ne2 Qe7 22. Rd3 Rd8 23. Red1 Rxd3 24. Rxd3 Qg5 25. Qxg5 hxg5 26. Rh3 Kf7 27.
Rh7+ Rg7 28. Rxg7+ Kxg7 29. Nc1 Nf4 30. Kg3 Kf6 31. Kf3 Ng6 32. g3 Nf8 33. Nd3
Nd7 34. b4 b6 35. b5 cxb5 36. axb5 Ke7 37. c4 Kd6 38. Kg4 Nc5 39. Nxc5 Kxc5 40.
Kxg5 Kxc4 41. Kf6 Kxb5 42. g4 a5 43. g5 a4 44. g6 a3 45. g7 a2 46. g8=Q a1=Q
47. Qxe6 Kc5 48. Qxe5+ Qxe5+ 49. Kxe5 b5 50. f4 b4 51. f5 b3 52. f6 b2 53. f7
b1=Q 54. f8=Q+ Kc4 55. Qd6 Qb2+ 56. Ke6 Qg7 57. e5 Qg6+ 58. Kd7 Qf7+ 59. Kc6
Qf3+ 60. Kc7 Qf7+ 61. Qd7 Qh5 62. Qc6+ Kb4 63. e6 Qg5 64. Qe4+ Kc5 65. e7 Qf6
66. Qe3+ Kd5 67. Qb3+ Kc5 68. Qa3+ Kc4 69. Qa4+ Kc5 70. Qa5+ Kc4 71. e8=Q Qg7+
72. Kc8 1-0

[Event "4NCL Division 3 North"]
[Site "Wakefield, ENG"]
[Date "2017.03.19"]
[Round "8.22"]
[White "Sanghera, Parminder"]
[Black "Jaracz, Pawel"]
[Result "0-1"]
[WhiteElo "2260"]
[BlackElo "2470"]
[Annotator "Barnes,Lara"]
[PlyCount "54"]
[EventDate "2017.03.19"]
[WhiteTeam "Hounds and Bears"]
[BlackTeam "Manx Liberty"]

1. Nf3 e6 2. c4 b6 3. e4 Bb7 4. Nc3 Bb4 5. Qc2 Ne7 6. a3 Bxc3 7. dxc3 d6 8. Bg5
Nd7 9. O-O-O e5 10. Ne1 h6 11. Be3 Nc5 12. f3 Qd7 13. Nd3 Nxd3+ 14. Rxd3 f5 15.
Rd2 fxe4 16. fxe4 Qe6 17. Be2 O-O 18. b3 Kh8 19. h3 Qg6 20. Bd3 Ng8 21. g4 Rf3
22. Re2 Rff8 23. Rhh2 Nf6 24. g5 hxg5 25. Rhg2 Bxe4 26. Bxg5 Bxd3 27. Bxf6 Qxf6
0-1

[Event "4NCL Division 3 North"]
[Site "Wakefield, ENG"]
[Date "2017.03.19"]
[Round "8.23"]
[White "Kolbus, Dietmar"]
[Black "McCumiskey, Andrew P"]
[Result "1-0"]
[WhiteElo "2307"]
[BlackElo "1981"]
[PlyCount "177"]
[EventDate "2017.03.19"]
[WhiteTeam "Manx Liberty"]
[BlackTeam "Hounds and Bears"]

1. c4 g6 2. e4 d6 3. d4 Bg7 4. Nc3 Nc6 5. Be3 e5 6. d5 Nce7 7. Qd2 f5 8. f3 Nf6
9. h3 O-O 10. g4 a6 11. Bd3 Bd7 12. a4 Kh8 13. a5 Qe8 14. Nge2 c5 15. Kd1 Rb8
16. Kc2 Rf7 17. Ra3 Rf8 18. Rha1 Kg8 19. Ng1 Kh8 20. R1a2 Kg8 21. Kb1 Kh8 22.
Rb3 Kg8 23. Qg2 Kh8 24. Ka1 Rf7 25. Nb1 Ba4 26. Rba3 Bd7 27. Nd2 Qc8 28. Rb3
Qe8 29. Rba3 Qc8 30. Bc2 Qd8 31. Ne2 Qf8 32. Nc3 Qe8 33. Na4 Nc8 34. Kb1 Qd8
35. Nc3 Ne7 36. Ne2 Qf8 37. Ra1 Qd8 38. Kc1 Qf8 39. Nc3 Qd8 40. Bd1 Qf8 41. Ba4
Bc8 42. Na2 Qd8 43. Bc2 Bd7 44. b4 cxb4 45. Nxb4 Qc8 46. Kb2 fxe4 47. fxe4 h5
48. Rh1 Kg8 49. g5 Ne8 50. Ba7 Ra8 51. Bb6 Rf4 52. Nd3 Rf7 53. Raa1 Nf5 54.
Raf1 Nd4 55. Rxf7 Kxf7 56. Bd1 Kg8 57. Ne1 Nc7 58. Nc2 Qd8 59. Qf2 Nxc2 60.
Bxc2 Rc8 61. h4 Qe8 62. Bd3 Bg4 63. Ra1 Qd7 64. Qg1 Rf8 65. Ra3 Qf7 66. Be3 Qd7
67. Rb3 Ne8 68. Ka3 Rf7 69. Rb1 Bf8 70. Rf1 Be7 71. Rxf7 Kxf7 72. Qf2+ Kg7 73.
Bc2 Bd8 74. Nb3 Qc8 75. Kb4 Qd7 76. Nd2 Qe7 77. Ba4 Nc7 78. c5 dxc5+ 79. Bxc5
Qf7 80. Qxf7+ Kxf7 81. Nc4 Kg7 82. Nxe5 Be2 83. Bd4 Kh7 84. Nf7 Be7+ 85. Bc5
Kg7 86. Nd6 Bf3 87. Bc2 Nxd5+ 88. exd5 Bxd5 89. Ne8+ 1-0

[Event "4NCL Division 3 North"]
[Site "Wakefield, ENG"]
[Date "2017.03.19"]
[Round "8.24"]
[White "Staples, Maurice J"]
[Black "Jaracz, Barbara"]
[Result "0-1"]
[WhiteElo "2035"]
[BlackElo "2238"]
[PlyCount "80"]
[EventDate "2017.03.19"]
[WhiteTeam "Hounds and Bears"]
[BlackTeam "Manx Liberty"]

1. e4 e5 2. Nf3 Nc6 3. d4 exd4 4. Nxd4 Bc5 5. Be3 Qf6 6. Nb5 Bxe3 7. fxe3 Qh4+
8. g3 Qd8 9. Qg4 g6 10. Qf4 d6 11. Bc4 Ne5 12. O-O Bh3 13. Bxf7+ Kd7 14. N1c3
g5 15. Qf2 Nh6 16. Bb3 Rf8 17. Qxf8 Qxf8 18. Rxf8 Rxf8 19. Nd4 a6 20. Nf5 Nxf5
21. exf5 Rxf5 22. Bd5 Ng4 23. Be4 Rf2 24. Re1 c6 25. Nd1 Rd2 26. Bf5+ Ke7 27.
Bxg4 Bxg4 28. Nf2 Bf3 29. Rc1 d5 30. a4 Re2 31. b4 Rxe3 32. Nd3 Re2 33. Re1
Rxe1+ 34. Nxe1 Be4 35. Kf2 Kd6 36. Ke3 b6 37. h4 gxh4 38. gxh4 Ke5 39. c3 a5
40. bxa5 bxa5 0-1

[Event "4NCL Division 3 North"]
[Site "Wakefield, ENG"]
[Date "2017.03.19"]
[Round "8.25"]
[White "Fabri, Henrik"]
[Black "Hazlehurst, Cory S"]
[Result "1/2-1/2"]
[WhiteElo "1946"]
[BlackElo "2042"]
[PlyCount "140"]
[EventDate "2017.03.19"]
[WhiteTeam "Manx Liberty"]
[BlackTeam "Hounds and Bears"]

1. d4 Nf6 2. Nf3 e6 3. Bg5 h6 4. Bh4 c5 5. e3 Nc6 6. c3 Be7 7. Bd3 b6 8. O-O
O-O 9. Nbd2 Bb7 10. Rc1 d6 11. Qe2 Re8 12. Rfd1 Nh5 13. Bxe7 Qxe7 14. Ne1 Nf6
15. Ne4 Nb8 16. Nxf6+ Qxf6 17. e4 Nd7 18. Nf3 a6 19. Bb1 Red8 20. h3 Rac8 21.
c4 cxd4 22. Nxd4 Nc5 23. b3 Nd7 24. Nf3 Qe7 25. Qe3 Nf6 26. Nd4 Qc7 27. f3 Ba8
28. Rc2 Rd7 29. Rcd2 Rcd8 30. Ne2 b5 31. cxb5 axb5 32. Kh1 Qa5 33. Qc3 b4 34.
Qe3 d5 35. e5 Ne8 36. Nd4 Rc8 37. Qd3 g6 38. Qe3 Kh7 39. h4 Ng7 40. g4 h5 41.
Qg5 Qd8 42. Qxd8 Rdxd8 43. Rc2 Rxc2 44. Bxc2 Rc8 45. Kg1 Bb7 46. Bd3 hxg4 47.
fxg4 Ra8 48. Rd2 Ba6 49. Bb1 Ne8 50. Nc6 Rc8 51. Nxb4 Rc1+ 52. Kf2 Bb5 53. Bd3
Bxd3 54. Nxd3 Rh1 55. Kg3 Nc7 56. a4 Rb1 57. Rb2 Rg1+ 58. Kf3 Rh1 59. Nf2 Ra1
60. Rc2 Na6 61. Rc6 Nb4 62. Rc7 Kg7 63. g5 Ra3 64. Ng4 Rxb3+ 65. Ke2 Rb2+ 66.
Kd1 Nd3 67. Rc2 Rb4 68. Nf6 Rxh4 69. Rc8 Rh8 70. Ne8+ Kh7 1/2-1/2

[Event "4NCL Division 3 North"]
[Site "Wakefield, ENG"]
[Date "2017.03.19"]
[Round "8.26"]
[White "Carpenter, Raymond"]
[Black "Costello, John"]
[Result "0-1"]
[WhiteElo "1975"]
[BlackElo "1662"]
[PlyCount "48"]
[EventDate "2017.03.19"]
[WhiteTeam "Hounds and Bears"]
[BlackTeam "Manx Liberty"]

1. e4 d5 2. exd5 Qxd5 3. Nc3 Qd8 4. d4 Nf6 5. Be2 Nc6 6. Be3 Bf5 7. g4 Bg6 8.
Bb5 e6 9. Qf3 Qd7 10. O-O-O a6 11. Bc4 Bd6 12. h4 h5 13. g5 Ng4 14. d5 Nce5 15.
dxe6 fxe6 16. Qxb7 O-O 17. Bb3 Rfb8 18. Qg2 Nxe3 19. fxe3 Ng4 20. Rf1 Nxe3 21.
Qf3 Nxf1 22. Qh3 Bf4+ 23. Kb1 Nd2+ 24. Ka1 Nxb3+ 0-1

[Event "4NCL Division 3 North"]
[Site "Wakefield, ENG"]
[Date "2017.03.19"]
[Round "8.31"]
[White "Gelip, Ioana"]
[Black "White, Mark W"]
[Result "1-0"]
[WhiteElo "2191"]
[BlackElo "2031"]
[PlyCount "113"]
[EventDate "2017.03.19"]
[WhiteTeam "Gonzaga"]
[BlackTeam "Jorvik"]

1. e4 c5 2. Nf3 Nc6 3. d4 cxd4 4. Nxd4 Nf6 5. Nc3 e5 6. Ndb5 d6 7. Bg5 a6 8.
Na3 b5 9. Nd5 Be7 10. Bxf6 Bxf6 11. c3 O-O 12. Be2 Rb8 13. Nc2 Bg5 14. Bg4 Be6
15. O-O Qd7 16. Bxe6 Qxe6 17. Nc7 Qg6 18. Qd3 Rb6 19. a4 bxa4 20. Rxa4 a5 21.
b4 axb4 22. cxb4 Rfb8 23. b5 Bd8 24. Na6 Rxb5 25. Nxb8 Rxb8 26. Ra6 Bb6 27. Qd5
Nd8 28. Ra8 Rxa8 29. Qxa8 d5 30. Qxd5 Qe6 31. Nb4 g6 32. Nd3 f5 33. Rb1 Bc7 34.
Rc1 fxe4 35. Qxe4 Bb8 36. Re1 Nf7 37. Kh1 Qd6 38. h4 Kg7 39. Rb1 Bc7 40. Rb7
Nd8 41. Rb5 Nf7 42. Rd5 Qe6 43. Nc5 Qc6 44. f4 Bb6 45. fxe5 Bxc5 46. Qc4 Qe6
47. Qxc5 Qg4 48. Qe7 g5 49. Qf6+ Kg8 50. hxg5 Qh4+ 51. Kg1 Qe1+ 52. Qf1 Qe3+
53. Qf2 Qxg5 54. Rc5 Nxe5 55. Rc7 Qd8 56. Qg3+ Ng6 57. Qb3+ 1-0

[Event "4NCL Division 3 North"]
[Site "Wakefield, ENG"]
[Date "2017.03.19"]
[Round "8.32"]
[White "Hodge, Steve R"]
[Black "Delaney, Killian"]
[Result "1/2-1/2"]
[WhiteElo "1878"]
[BlackElo "2241"]
[PlyCount "106"]
[EventDate "2017.03.19"]
[WhiteTeam "Jorvik"]
[BlackTeam "Gonzaga"]

1. e4 c6 2. d4 d5 3. Nc3 dxe4 4. Nxe4 Nd7 5. Bc4 Ngf6 6. Ng5 e6 7. Qe2 Nb6 8.
Bb3 h6 9. N5f3 a5 10. c3 c5 11. dxc5 Nbd7 12. Ne5 Nxe5 13. Qxe5 a4 14. Bc2 Qd5
15. Nf3 Bxc5 16. O-O O-O 17. Bf4 b6 18. h3 Bb7 19. Rfd1 Qxe5 20. Nxe5 Rfc8 21.
Nd7 Nxd7 22. Rxd7 Bd5 23. Bd3 g5 24. Be5 Bc6 25. Rc7 Rxc7 26. Bxc7 Rc8 27. Be5
Rd8 28. Rd1 Be7 29. Be2 Rc8 30. Bd6 Bf6 31. Bb4 Bd5 32. Bb5 Bxa2 33. Bxa4 Bd5
34. Bb5 Be5 35. Ra1 Bb3 36. Be2 Rd8 37. Kf1 Rd2 38. Ba3 Rd8 39. Bf3 Kg7 40. Ke1
f5 41. Bb4 Bf4 42. g3 Bd2+ 43. Kf1 e5 44. Ra7+ Kg8 45. Rb7 Bc1 46. Rxb6 Bc4+
47. Kg2 e4 48. Bh5 f4 49. gxf4 gxf4 50. Rd6 Rxd6 51. Bxd6 e3 52. fxe3 fxe3 53.
Bf4 Bxb2 1/2-1/2

[Event "4NCL Division 3 North"]
[Site "Wakefield, ENG"]
[Date "2017.03.19"]
[Round "8.33"]
[White "Li, Henry"]
[Black "Nezis, Anastasios"]
[Result "1-0"]
[WhiteElo "2201"]
[BlackElo "1927"]
[PlyCount "55"]
[EventDate "2017.03.19"]
[WhiteTeam "Gonzaga"]
[BlackTeam "Jorvik"]

1. e4 c5 2. Nc3 d6 3. f4 g6 4. Nf3 Bg7 5. Bb5+ Bd7 6. Bc4 e6 7. O-O Ne7 8. Qe1
Nbc6 9. Nb5 Qb8 10. a4 a6 11. Nc3 Nd4 12. Nxd4 cxd4 13. Ne2 b5 14. Bb3 O-O 15.
a5 Nc6 16. d3 Qc7 17. f5 exf5 18. Nf4 Ne7 19. Qh4 Qd8 20. Nh3 Qe8 21. Bh6 Be6
22. Bxe6 fxe6 23. Bxg7 Kxg7 24. Ng5 h6 25. Nxe6+ Kh7 26. Rf3 Rh8 27. Qxh6+ Kg8
28. Qg7# 1-0

[Event "4NCL Division 3 North"]
[Site "Wakefield, ENG"]
[Date "2017.03.19"]
[Round "8.34"]
[White "Flint, Martina"]
[Black "Moran, Stephen"]
[Result "0-1"]
[WhiteElo "1839"]
[BlackElo "2115"]
[PlyCount "160"]
[EventDate "2017.03.19"]
[WhiteTeam "Jorvik"]
[BlackTeam "Gonzaga"]

1. f4 d5 2. g3 h5 3. Nf3 h4 4. gxh4 Bg4 5. Ne5 Bd7 6. e3 e6 7. Qg4 Nh6 8. Qf3
Nf5 9. Qg4 Rxh4 10. Qg2 Nc6 11. Nf3 Rh8 12. Bb5 Nb4 13. Bxd7+ Qxd7 14. d3 Qc6
15. Kd1 Qd6 16. Nc3 Nc6 17. d4 O-O-O 18. a3 Kb8 19. Bd2 f6 20. b4 Nce7 21. Rg1
Nc8 22. Na4 Qc6 23. Nb2 Ncd6 24. Qe2 Be7 25. Rc1 Rh3 26. Rf1 Rdh8 27. a4 a6 28.
c3 b5 29. a5 Ne4 30. Be1 R8h7 31. Rc2 Ka7 32. Kc1 Ned6 33. Rf2 Ne4 34. Rf1 Ned6
35. Rf2 Ka8 36. Rf1 Bf8 37. Rg1 Ne4 38. Rf1 Ned6 39. Rf2 Rh8 40. Rf1 Kb7 41.
Rg1 R8h7 42. Rf1 Nc4 43. Nxc4 Qxc4 44. Qxc4 bxc4 45. Re2 Kc6 46. Kc2 Nd6 47.
Ng1 Rxh2 48. Rff2 Rxf2 49. Rxf2 Rh1 50. Rg2 Kd7 51. Bd2 Ke8 52. Ne2 Kf7 53. Ng3
Rh4 54. Ne2 c6 55. Ng1 Ne4 56. Be1 Rh6 57. Ne2 Rh3 58. Ng3 Nxg3 59. Bxg3 Kg6
60. Bf2+ Kf5 61. Kd2 Ke4 62. Ke2 Rh1 63. Be1 Rh5 64. Bf2 Rh3 65. Rg1 Rh2 66.
Rb1 g6 67. Rg1 Kf5 68. Kf3 Bh6 69. Kg3 Rh5 70. Kf3 g5 71. Bg3 g4+ 72. Ke2 Ke4
73. Rg2 Bg7 74. Bf2 f5 75. Bg3 Rh3 76. Bf2 Bf6 77. Bg1 Bh4 78. Rh2 Rxh2+ 79.
Bxh2 g3 80. Bg1 Be7 0-1

[Event "4NCL Division 3 North"]
[Site "Wakefield, ENG"]
[Date "2017.03.19"]
[Round "8.35"]
[White "Freeman, Gordon"]
[Black "Cowan, Richard M"]
[Result "1-0"]
[WhiteElo "2096"]
[BlackElo "1884"]
[PlyCount "53"]
[EventDate "2017.03.19"]
[WhiteTeam "Gonzaga"]
[BlackTeam "Jorvik"]

1. d4 Nf6 2. Nf3 g6 3. Bg5 Bg7 4. Nbd2 h6 5. Bh4 c5 6. Bxf6 exf6 7. dxc5 Qe7 8.
Nc4 O-O 9. Qd6 Qe4 10. e3 Na6 11. Bd3 Qc6 12. Nd4 Qxg2 13. O-O-O Qg5 14. Nf5
Nb4 15. Nxg7 Kxg7 16. Rhg1 Nxd3+ 17. cxd3 Qf5 18. Qe7 b5 19. Nd6 Qxc5+ 20. Kb1
Qe5 21. Rxg6+ Kxg6 22. Rg1+ Kh5 23. Qxf8 Qd5 24. Qg7 Qe6 25. Nxf7 f5 26. Rg5+
Kh4 27. Qd4+ 1-0

[Event "4NCL Division 3 North"]
[Site "Wakefield, ENG"]
[Date "2017.03.19"]
[Round "8.36"]
[White "Anderson, Paul W"]
[Black "Miller, Jacob"]
[Result "1/2-1/2"]
[WhiteElo "1777"]
[BlackElo "1936"]
[PlyCount "67"]
[EventDate "2017.03.19"]
[WhiteTeam "Jorvik"]
[BlackTeam "Gonzaga"]

1. c4 c5 2. Nc3 g6 3. Nf3 Bg7 4. g3 Nc6 5. Bg2 d6 6. O-O e5 7. d3 Nge7 8. e4 f6
9. a3 Be6 10. Rb1 Qd7 11. Re1 h5 12. h4 Bg4 13. Qa4 Nd4 14. Qxd7+ Kxd7 15. Nxd4
cxd4 16. Nd5 Be6 17. f4 Nc6 18. b4 Bxd5 19. exd5 Ne7 20. fxe5 fxe5 21. Rf1 Nf5
22. Bh3 Raf8 23. Rb2 Ke7 24. Bg5+ Bf6 25. Bxf5 Bxg5 26. Bxg6 Be3+ 27. Kg2 Rxf1
28. Kxf1 Rg8 29. Bxh5 Rxg3 30. Rg2 Bf4 31. Be2 Rxg2 32. Kxg2 Bc1 33. a4 Bd2 34.
b5 1/2-1/2

[Event "4NCL Division 3 North"]
[Site "Wakefield, ENG"]
[Date "2017.03.19"]
[Round "8.41"]
[White "Jarmany, David"]
[Black "Hall, John"]
[Result "1-0"]
[WhiteElo "2072"]
[BlackElo "2045"]
[PlyCount "113"]
[EventDate "2017.03.19"]
[WhiteTeam "Manchester Manticores 2"]
[BlackTeam "Spirit of Atticus B"]

1. e4 c5 2. Nf3 d6 3. d4 cxd4 4. Nxd4 Nf6 5. Nc3 a6 6. Be2 e5 7. Nb3 Nc6 8. Be3
Be6 9. O-O Be7 10. Nd5 Bxd5 11. exd5 Na5 12. c4 Nxb3 13. Qxb3 Qc8 14. f4 e4 15.
Rac1 O-O 16. Rfd1 Nd7 17. Qc2 f5 18. g4 g6 19. gxf5 gxf5 20. Kh1 Bf6 21. Qd2
Kh8 22. b4 b6 23. Bf1 Qe8 24. Qe2 Qf7 25. Bh3 Bg7 26. Rg1 Qf6 27. Rg5 h6 28.
Rxf5 Qe7 29. Rxf8+ Rxf8 30. Rf1 Rb8 31. Be6 Nf6 32. Rg1 Qe8 33. Qf2 Qh5 34.
Bxb6 Qf3+ 35. Qxf3 exf3 36. c5 Ne4 37. Rf1 Bd4 38. Rxf3 dxc5 39. Bc7 Rxb4 40.
Rb3 Rxb3 41. axb3 c4 42. bxc4 Bc5 43. Bc8 Kg7 44. Bxa6 Kf7 45. Kg2 Ke7 46. Bb5
Kf6 47. Kf3 Nd6 48. Kg4 Kg6 49. h4 h5+ 50. Kf3 Kf5 51. Ba5 Kf6 52. Be1 Nf5 53.
Bf2 Bxf2 54. Kxf2 Nxh4 55. c5 Nf5 56. Bd7 Nd4 57. d6 1-0

[Event "4NCL Division 3 North"]
[Site "Wakefield, ENG"]
[Date "2017.03.19"]
[Round "8.42"]
[White "Connor, Stephen J"]
[Black "Hamer, Martyn"]
[Result "1/2-1/2"]
[WhiteElo "1993"]
[BlackElo "2050"]
[Annotator "Barnes,Lara"]
[PlyCount "35"]
[EventDate "2017.03.19"]
[WhiteTeam "Spirit of Atticus B"]
[BlackTeam "Manchester Manticores 2"]

1. Nf3 Nf6 2. g3 g6 3. Bg2 Bg7 4. O-O O-O 5. c4 d6 6. d4 Nc6 7. Nc3 a6 8. e4
Rb8 9. a4 e5 10. d5 Nb4 11. h3 c6 12. Be3 cxd5 13. cxd5 a5 14. Nd2 b6 15. Nb5
Ba6 16. Nc4 Bxb5 17. axb5 Re8 18. Qe2 1/2-1/2